Suomen 1500-luku -visa - Statistics

Yleistilastot
  • Tätä visaa on pelattu 409 kertaa
  • Keskiarvotulos 11 / 16
Vastaustilastot
Vuosi Vihje Vastaus % Oikein
1527 Tämä uskonto nostetaan valtionuskoksi Ruotsissa Västeråsin valtiopäivillä, syrjäyttäen katolilaisuuden Luterilaisuus
90%
1543 Tämä Turun piispa ja Suomen kirjakielen isä julkaisee "Abckirian" Mikael Agricola
90%
1599 14 Kaarle-herttuan vastustajaa surmataan verilöylyssä tässä kaupungissa Turku
89%
1550 Kustaa Vaasa perustaa tämän kaupungin Helsinki
86%
1548 Tämä Raamatun osa julkaistaan suomeksi Uusi testamentti
86%
1558 Satakuntaan perustetaan tämä kaupunki Ulvilan korvaajaksi Pori
83%
1523 Ruotsi irtautuu Kustaa Vaasan johdolla tästä pohjoismaiden valtioliitosta {Kalmarin} unioni
81%
1581 Ruotsin kuningas antaa itselleen tämän arvonimen, joka pysyy hallitsijoiden käytössä vuoteen 1917 asti Suomen suur{ruhtinas}
80%
1583 Jacobus Finno julkaisee ensimmäisen suomenkielisen painoksen tästä uskonnollisesta laulukirjasta Virsikirja
74%
1583 Varhaisin tunnettu kuvaus tästä eläimestä Suomen symbolina Leijona
73%
1596 Tämä talonpoikaiskapina saa alkunsa Nuijasota
70%
1556 Tämä tuleva kuningas nimitetään Suomen herttuaksi Juhana III
45%
1590 Tähän kaupunkiin rakennetaan linna tukemaan Ruotsin sotatoimia Oulu
38%
1570 Tämä Ruotsin ja Venäjän välinen sota saa alkunsa, johtaen raskaaseen linnaleiritykseen Suomessa {Pitkä} viha
32%
1595 Tämä rauha päättää Ruotsin ja Venäjän välisen sodan ja sopii valtakuntien rajoista {Täyssinän} rauha
27%
1597 Tämä pahamaineinen Suomen käskynhaltija kuolee äkillisesti Klaus Fleming
25%
Ehtoja vastaavia visoja ei löytynyt
Tulosjakauma
Jokaisen tuloksen saaneiden osuus
Persentiili vastausten määrän mukaan
Tuloshistoriasi
Et ole pelannut tätä visaa